Effective leadership and management in nursing / (Record no. 20745)
[ view plain ]
| 000 -LEADER | |
|---|---|
| fixed length control field | 01011cam a22002895a 4500 |
| 001 - CONTROL NUMBER | |
| control field | ocn789839817 |
| 003 - CONTROL NUMBER IDENTIFIER | |
| control field | OSt |
| 005 - DATE AND TIME OF LATEST TRANSACTION | |
| control field | 20151111153520.0 |
| 008 - FIXED-LENGTH DATA ELEMENTS--GENERAL INFORMATION | |
| fixed length control field | 120424t2013 njua frbd 001 0 eng d |
| 020 ## - INTERNATIONAL STANDARD BOOK NUMBER | |
| International Standard Book Number | 0132814544 |
| 020 ## - INTERNATIONAL STANDARD BOOK NUMBER | |
| International Standard Book Number | 9780132814546 |
| 040 ## - CATALOGING SOURCE | |
| Original cataloging agency | DNLM/DLC |
| Language of cataloging | eng |
| Transcribing agency | DLC |
| Modifying agency | EG-ScBUE |
| 082 04 - DEWEY DECIMAL CLASSIFICATION NUMBER | |
| Classification number | 362.173068 |
| Edition number | 22 |
| Item number | SUL |
| 100 1# - MAIN ENTRY--PERSONAL NAME | |
| Personal name | Sullivan, Eleanor J., |
| Dates associated with a name | 1938- |
| 9 (RLIN) | 38729 |
| 245 10 - TITLE STATEMENT | |
| Title | Effective leadership and management in nursing / |
| Statement of responsibility, etc | Eleanor J. Sullivan. |
| 250 ## - EDITION STATEMENT | |
| Edition statement | 8th ed. |
| 260 ## - PUBLICATION, DISTRIBUTION, ETC. (IMPRINT) | |
| Place of publication, distribution, etc | Upper Saddle River : |
| Name of publisher, distributor, etc | Pearson Education, Inc., |
| Date of publication, distribution, etc | c.2013. |
| 300 ## - PHYSICAL DESCRIPTION | |
| Extent | xiv, 354 p. : |
| Other physical details | ill. ; |
| Dimensions | 26 cm. |
| 500 ## - GENERAL NOTE | |
| General note | Online student resources are included with this textbook, visit http://nursing.pearsonhighered.com |
| 500 ## - GENERAL NOTE | |
| General note | Glossary : p. 340-347. |
| 500 ## - GENERAL NOTE | |
| General note | Index : p. 348-354. |
| 504 ## - BIBLIOGRAPHY, ETC. NOTE | |
| Bibliography, etc | Includes bibliographical references. |
| 650 #7 - SUBJECT ADDED ENTRY--TOPICAL TERM | |
| Topical term or geographic name as entry element | Nursing services |
| General subdivision | Administration. |
| Source of heading or term | BUEsh |
| 9 (RLIN) | 32499 |
| 651 ## - SUBJECT ADDED ENTRY--GEOGRAPHIC NAME | |
| Source of heading or term | BUEsh |
| 653 ## - INDEX TERM--UNCONTROLLED | |
| Resource For college | Nursing |
| Arrived date list | August2015 |
| -- | November2015 |
| 942 ## - ADDED ENTRY ELEMENTS (KOHA) | |
| Source of classification or shelving scheme | Dewey Decimal Classification |
| Call number prefix | 362.173068 SUL |
| Withdrawn status | Lost status | Source of classification or shelving scheme | Damaged status | Not for loan | Koha collection | Home library | Current library | Shelving location | Date acquired | Source of acquisition | Cost, normal purchase price | Serial Enumeration / chronology | Total Checkouts | Total Renewals | Full call number | Barcode | Date last seen | Date last borrowed | Cost, replacement price | Koha item type |
|---|---|---|---|---|---|---|---|---|---|---|---|---|---|---|---|---|---|---|---|---|
| Dewey Decimal Classification | Baccah | Central Library | Central Library | First floor | 30/08/2015 | Purchase | 450.00 | 23317 | 12 | 77 | 362.173068 SUL | 000030737 | 15/07/2025 | 15/02/2025 | 562.00 | Book - Borrowing |